| 000 | 00845cab a2200277 4500 | ||
|---|---|---|---|
| 001 | WB3003-39 | ||
| 008 | 090401t1994 xxu||||| |||| 00| 0 eng d | ||
| 035 | _a(Sirsi) u53448 | ||
| 041 | _aeng | ||
| 245 | _aCouncil tax win | ||
| 260 | _c1994 | ||
| 350 | _a0 | ||
| 490 |
_aDaily Telegraph _v19 January 1994, 8(1) |
||
| 520 | _aHomeowners have won an appeal against their council tax banding. The VO accepted that the properties had lost value with two thirds of the properties on the eastate having been sold to a housing association. | ||
| 650 | _aAPPEALS | ||
| 650 | _aBANDING | ||
| 650 | _aCOUNCIL TAX | ||
| 650 | _aHOUSE PRICES | ||
| 650 | _aHOUSING ASSOCIATIONS | ||
| 650 | _aHOUSING ESTATES | ||
| 650 | _aREDUCTION | ||
| 650 |
_aValuation _96273 |
||
| 690 | _aRATING AND VALUATION | ||
| 942 | _n0 | ||
| 948 | _c04/03/1997 | ||
| 999 |
_c32946 _d32946 |
||